| 000 | 00472nam a22001697a 4500 | ||
|---|---|---|---|
| 005 | 20230608172512.0 | ||
| 008 | 230608b |||||||| |||| 00| 0 eng d | ||
| 020 | _a9780470847053 | ||
| 082 |
_a005.11 _bHEN-E |
||
| 100 | _aHenning Wolf:Stefan Roock | ||
| 245 |
_aEXtreme programming in action _bPractical experiences from real world projects by Lip |
||
| 260 | _aIndia | ||
| 300 | _a210 | ||
| 650 | _aEngineering | ||
| 700 | _aHenning Wolf Stefan Roock | ||
| 999 |
_c18677 _d18677 |
||